Learning Virtual Reality (Record no. 10479)

MARC details
000 -LEADER
fixed length control field 00371nam a22001697a 4500
003 - CONTROL NUMBER IDENTIFIER
control field OSt
008 - FIXED-LENGTH DATA ELEMENTS--GENERAL INFORMATION
fixed length control field 210223b ||||| |||| 00| 0 eng d
020 ## - INTERNATIONAL STANDARD BOOK NUMBER
International Standard Book Number 9789352132577
082 ## - DEWEY DECIMAL CLASSIFICATION NUMBER
Classification number 006 PAL
100 ## - MAIN ENTRY--PERSONAL NAME
Personal name PARISI,Tony
245 ## - TITLE STATEMENT
Title Learning Virtual Reality
250 ## - EDITION STATEMENT
Edition statement 1st
260 ## - PUBLICATION, DISTRIBUTION, ETC. (IMPRINT)
Place of publication, distribution, etc New Delhi
Name of publisher, distributor, etc SPD
Date of publication, distribution, etc 2015
300 ## - PHYSICAL DESCRIPTION
Extent 151
650 ## - SUBJECT ADDED ENTRY--TOPICAL TERM
Topical term or geographic name as entry element ARVR
942 ## - ADDED ENTRY ELEMENTS (KOHA)
Source of classification or shelving scheme Dewey Decimal Classification
Koha item type Text Books
Holdings
Withdrawn status Lost status Source of classification or shelving scheme Damaged status Not for loan Collection code Home library Current library Date acquired Source of acquisition Currency Cost, normal purchase price Bill Number Total Checkouts Full call number Acc. no. / Barcode Date last seen Date last borrowed Actual Cost, discounted price Bill Date Koha item type
    Dewey Decimal Classification     B.Tech(CSE) PIET C-LIBRARY PIET C-LIBRARY 10/02/2021 Kirti Praskshan IN Rupees 400.00 IN1557 1 006 PAL 32556 24/01/2022 18/08/2021 300.00 10/02/2021 Text Books
    Dewey Decimal Classification     B.Tech(CSE) PIET C-LIBRARY PIET C-LIBRARY 10/02/2021 Kirti Praskshan IN Rupees 400.00 IN1557 2 006 PAL 32557 19/01/2024 11/01/2024 300.00 10/02/2021 Text Books

Design & Developed by: PIET Central Library
R70 Miles Stone Pattikalyana Samalkha Panipat 132102
mail ID :- [email protected], Phone No:- 0180-2569700 Ex.216